Obrad zasvätenia panien

Bibliographic Details
Main Author: Puss, Alexander, 1961- (Author)
Format: Article
Language:Slovak
ISSN:1210-0676
Subjects:

MARC

LEADER 00000nab a2200000 a 4500
001 vtls008870978
003 SK-MaSNL
005 20260304144755.0
008 250505c2004 xo mr|p|||||||000 b|slo
015 |a SNBRB2006/10 
035 |a (uuid)230cad3a-e6b9-44f9-980f-0521bd7ea411 
035 |a urn:nbn:sk:snk-aby8s 
035 |a (urnnbn)urn:nbn:sk:snk:ar-a042mq 
038 |a SNKBUCL 
040 |a SNKBUCL  |b slo  |c SNKBUCL  |e AACR2 
041 0 |a slo 
044 |a xo  |c SK 
080 |a 291.37  |2 1997 
100 1 |a Puss, Alexander,  |d 1961-  |4 aut  |9 23066 
245 1 0 |a Obrad zasvätenia panien  |c Alexander Puss 
630 0 7 |a Obrad zasvätenia panien  |2 snkbucl  |9 1466599 
650 0 7 |a zasvätenie Bohu  |2 snkbucl  |9 1466600 
650 0 7 |a ženy  |2 snkbucl  |9 4865 
773 0 |t Liturgia  |g Roč. XIV, č. 3 (2004), s. 291-294  |x 1210-0676 
850 |a Slovenská národná knižnica 
852 |a Slovenská národná knižnica 
954 |a odborná, vedecká literatúra pôvodná (slovenská)  |2 lita 
958 |a article27 
958 |a SK 
958 |a NT 
958 |a OND 
958 |a EUIPO 
999 |c 2933232  |d 2935162